Dans quels états sont les 50 plus grandes villes des Etats Unis ? - Statistiques

Statistiques générales
  • Ce quiz a été pris 71 fois
  • Le résultat moyen est 27 sur 50
Statistiques - réponses
Hint Réponse % Correct
Los Angeles Californie
94%
New York New York
92%
Houston Texas
84%
Dallas Texas
84%
Phoenix Arizona
80%
San Francisco Californie
80%
Oklahoma City Oklahoma
80%
Austin Texas
77%
Chicago Illinois
75%
San Diego Californie
72%
Indianapolis Indiana
72%
Las Vegas Nevada
70%
Miami Floride
67%
San Antonio Texas
67%
Sacramento Californie
66%
Boston Massachussets
66%
Denver Colorado
63%
Colorado Springs Colorado
63%
Atlanta Géorgie
59%
Seattle Washington
59%
Minneapolis Minnesota
58%
Philadelphie Pennsylvanie
58%
Nashville Tennessee
58%
Détroit Michigan
55%
San José Californie
53%
Portland Oregon
53%
Charlotte Caroline du Nord
52%
Washington DC District of Columbia
52%
Jacksonville Floride
52%
Fort Worth Texas
52%
Memphis Tennessee
50%
Tampa Floride
48%
Albuquerque Nouveau Mexique
48%
Virginia Beach Virginie
47%
Columbus Ohio
44%
Oakland Californie
42%
Fresno Californie
41%
Kansas City Missouri
41%
El Paso Texas
39%
Baltimore Maryland
36%
Long Beach Californie
33%
Omaha Nebraska
33%
Louisville Kentucky
31%
Milwaukee Wisconsin
31%
Bakersfield Californie
30%
Raleigh Caroline du Nord
30%
Tucson Arizona
28%
Tulsa Oklahoma
22%
Arlington Texas
20%
Mesa Arizona
13%
Aucun quiz correspondant
Distribution des résultats
% des personnes avec chaque résultat
Percentile par nombre de réponses
Votre historique - résultats
Vous n’avez pas pris ce quiz